000 00322nam a2200133Ia 4500
005 20260328104304.0
008 260328s9999||||xx |||||||||||||| ||und||
100 _aAcayaba, Marcos
245 0 _a[Entrevistas 2] /
_cMarcos Acayaba
260 _bcoleccion entrevista
300 _a165 p.
650 _aURUGUAY
942 _cBK
999 _c10688
_d10688